| 000 | 01042nam a2200193 a 4500 | ||
|---|---|---|---|
| 008 | 120416s1983 ||||||||||||||||| || u | ||
| 020 | _a0070707324 | ||
| 050 | _aPN 2101 Wil | ||
| 100 | _aWilson, Edwin | ||
| 245 | 1 | 0 | _aLiving theater: an introduction to theater history |
| 260 |
_aNew York: _bMcGraw-Hill _c1983 |
||
| 300 | _axii, 482p. : ill. | ||
| 350 | _a0.00 | ||
| 650 | _aTHEATER--HISTORY | ||
| 995 |
_aANNEX COLLECTION (Main Library) _D0.00 _e710318 _FCBU-MAIN LIBRARY (Kitwe) _H3 _I22.99 _jPN 2101 Wil _M1 _UAVAILABLE _y010817 _ZAnnex Low-Usage Collection |
||
| 995 |
_aANNEX COLLECTION (Main Library) _D0.00 _e710316 _FCBU-MAIN LIBRARY (Kitwe) _H2 _I22.99 _jPN 2101 Wil _M3 _UAVAILABLE _y010818 _ZAnnex Low-Usage Collection |
||
| 995 |
_aANNEX COLLECTION (Main Library) _D0.00 _e710317 _FCBU-MAIN LIBRARY (Kitwe) _H4 _I22.99 _jPN 2101 Wil _M4 _UAVAILABLE _y010820 _ZAnnex Low-Usage Collection |
||
| 995 |
_aANNEX COLLECTION (Main Library) _D0.00 _e710319 _FCBU-MAIN LIBRARY (Kitwe) _H1 _I22.99 _jPN 2101 Wil _M2 _UAVAILABLE _y010819 _ZAnnex Low-Usage Collection |
||
| 999 |
_c80552 _d80552 |
||